[Event "European-ch Seniors 2018"]
[Site "Drammen"]
[Date "2018.08.04"]
[Round "1"]
[White "Syvertsen, Rolf Erik"]
[Black "Elseth, Roar"]
[Result "0-1"]
[WhiteElo "1884"]
[BlackElo "2311"]
[Annotator "NA"]
[PlyCount "158"]
[EventDate "2018.08.04"]
[EventType "swiss"]
[EventCountry "NOR"]
[SourceTitle "playchess.com"]
[Source "ChessBase"]
[SourceQuality "1"]
[TimeControl "40/5400+30:1800+30"]

1. d4 {[%emt 0:00:00]} d5 {[%emt 0:00:00]} 2. Bf4 {[%emt 0:00:00]} Nf6 {[%emt 0:01:08]} 3. e3 {[%emt 0:00:00]} g6 {[%emt 0:01:40]} 4. h3 {[%emt 0:03:07]} Bg7 {[%emt 0:02:26]} 5. Nf3 {[%emt 0:00:12]} O-O {[%emt 0:01:41]} 6. Bd3 {[%emt 0:01:11]} c5 {[%emt 0:02:03]} 7. c3 {[%emt 0:00:11]} b6 {[%emt 0:10:42]} 8. Nbd2 {[%emt 0:00:39]} Bb7 {[%emt 0:05:22]} 9. O-O {[%emt 0:00:20]} Nbd7 {[%emt 0:00:34]} 10. Qe2 {[%emt 0:01:22]} a6 {[%emt 0:20:00]} 11. a4 {[%emt 0:15:31]} Re8 {[%emt 0:05:01]} 12. Rfd1 {[%emt 0:07:48]} Qc8 {[%emt 0:05:31]} 13. Bh2 {[%emt 0:13:58]} Ne4 {[%emt 0:12:46]} 14. Bxe4 {[%emt 0:22:49]} dxe4 {[%emt 0:00:12]} 15. Ne5 {[%emt 0:00:38]} Nxe5 {[%emt 0:11:30]} 16. dxe5 {[%emt 0:00:01]} Qe6 {[%emt 0:02:50]} 17. a5 {[%emt 0:10:53]} b5 {[%emt 0:00:40]} 18. Qg4 {[%emt 0:00:30]} Qxg4 {[%emt 0:02:54]} 19. hxg4 {[%emt 0:00:02]} Bd5 {[%emt 0:01:34]} 20. b3 {[%emt 0:04:11]} Red8 {[%emt 0:01:15]} 21. c4 {[%emt 0:00:24]} bxc4 {[%emt 0:00:41]} 22. bxc4 {[%emt 0:00:20]} Bc6 {[%emt 0:01:48]} 23. Kf1 {[%emt 0:05:52]} Rab8 {[%emt 0:01:45]} 24. Ke1 {[%emt 0:01:01]} Rb2 {[%emt 0:00:52]} 25. Bg3 {[%emt 0:02:06]} Rd3 {[%emt 0:01:36]} 26. Nb1 {[%emt 0:03:26]} Bd7 {[%emt 0:01:16]} 27. Rxd3 {[%emt 0:01:35]} exd3 {[%emt 0:00:05]} 28. Nd2 {[%emt 0:01:15]} Be6 {[%emt 0:01:06]} 29. Rc1 {[%emt 0:01:31]} Rc2 {[%emt 0:01:26]} 30. Kd1 {[%emt 0:00:55]} Bxg4+ {[%emt 0:00:36]} 31. f3 {[%emt 0:00:05]} Bd7 {[%emt 0:00:48]} 32. Rxc2 {[%emt 0:00:09]} Ba4 {[%emt 0:00:04]} 33. Kc1 {[%emt 0:00:49]} dxc2 {[%emt 0:00:21]} 34. Ne4 {[%emt 0:00:24]} Bb3 {[%emt 0:00:42]} 35. Nxc5 {[%emt 0:01:34]} Bxc4 {[%emt 0:00:19]} 36. Kxc2 {[%emt 0:00:13]} Bf1 {[%emt 0:00:39]} 37. f4 {[%emt 0:00:19]} e6 {[%emt 0:00:27]} 38. Nd7 {[%emt 0:01:21]} h5 {[%emt 0:00:56]} 39. Bh4 {[%emt 0:00:15]} Bxg2 {[%emt 0:00:32]} 40. Kd3 {[%emt 0:00:00]} Bc6 {[%emt 0:00:00]} 41. Nc5 {[%emt 0:04:53]} Bf8 {[%emt 0:01:18]} 42. Kd4 {[%emt 0:00:22]} Bb5 {[%emt 0:00:17]} 43. Bd8 {[%emt 0:07:44]} Kh7 {[%emt 0:04:40]} 44. Bg5 {[%emt 0:02:25]} Bf1 {[%emt 0:10:39]} 45. Bd8 {[%emt 0:00:38]} g5 {[%emt 0:06:40]} 46. Bxg5 {[%emt 0:00:26]} Kg6 {[%emt 0:00:08]} 47. e4 {[%emt 0:14:00]} Bb5 {[%emt 0:03:14]} 48. Bd8 {[%emt 0:00:43]} Bh6 {[%emt 0:03:43]} 49. Ke3 {[%emt 0:00:13]} h4 {[%emt 0:01:12]} 50. Bxh4 {[%emt 0:00:07]} Kh5 {[%emt 0:00:10]} 51. Bg3 {[%emt 0:02:02]} Kg4 {[%emt 0:00:13]} 52. Bh2 {[%emt 0:00:04]} Kh3 {[%emt 0:00:29]} 53. Bg1 {[%emt 0:00:34]} Kg3 {[%emt 0:01:17]} 54. Bf2+ {[%emt 0:00:40]} Kg4 {[%emt 0:00:15]} 55. Kd4 {[%emt 0:01:19]} Bxf4 {[%emt 0:00:23]} 56. Be3 {[%emt 0:00:40]} Bg3 {[%emt 0:00:22]} 57. Bd2 {[%emt 0:00:37]} Kf3 {[%emt 0:00:55]} 58. Be3 {[%emt 0:02:36]} Be1 {[%emt 0:00:56]} 59. Nb7 {[%emt 0:00:12]} Bf1 {[%emt 0:02:26]} 60. Nd6 {[%emt 0:01:54]} Bxa5 {[%emt 0:00:13]} 61. Bc1 {[%emt 0:00:26]} Bb6+ {[%emt 0:00:43]} 62. Kc3 {[%emt 0:00:05]} Be2 {[%emt 0:01:26]} 63. Nxf7 {[%emt 0:00:07]} Kxe4 {[%emt 0:00:11]} 64. Kb4 {[%emt 0:01:13]} Bh5 {[%emt 0:01:14]} 65. Nd6+ {[%emt 0:00:19]} Kd5 {[%emt 0:00:07]} 66. Nc4 {[%emt 0:00:14]} Bc7 {[%emt 0:00:16]} 67. Bb2 {[%emt 0:00:07]} Be2 {[%emt 0:00:16]} 68. Ne3+ {[%emt 0:00:56]} Ke4 {[%emt 0:00:32]} 69. Nc4 {[%emt 0:00:12]} Bxc4 {[%emt 0:00:18]} 70. Kxc4 {[%emt 0:00:17]} Bxe5 {[%emt 0:00:02]} 71. Bc1 {[%emt 0:00:17]} Bd6 {[%emt 0:00:19]} 72. Bd2 {[%emt 0:00:15]} Bf8 {[%emt 0:00:22]} 73. Bg5 {[%emt 0:01:53]} Kf3 {[%emt 0:01:03]} 74. Bf6 {[%emt 0:00:15]} Bd6 {[%emt 0:00:47]} 75. Bc3 {[%emt 0:01:07]} Ke4 {[%emt 0:00:08]} 76. Bd2 {[%emt 0:00:15]} Kf3 {[%emt 0:00:43]} 77. Bh6 {[%emt 0:00:17]} a5 {[%emt 0:00:55]} 78. Kb5 {[%emt 0:00:14]} Bb4 {[%emt 0:00:05]} 79. Kc4 {[%emt 0:00:12]} e5 {[%emt 0:00:11]} 0-1

[Event "European-ch Seniors 2018"]
[Site "Drammen"]
[Date "2018.08.04"]
[Round "1"]
[White "Gonzalez Pabollet, Jesus Maria S"]
[Black "Blechzin, Igor"]
[Result "0-1"]
[WhiteElo "1818"]
[BlackElo "2250"]
[Annotator "NA"]
[PlyCount "54"]
[EventDate "2018.08.04"]
[EventType "swiss"]
[EventCountry "NOR"]
[SourceTitle "playchess.com"]
[Source "ChessBase"]
[SourceQuality "1"]
[TimeControl "40/5400+30:1800+30"]

1. e4 {[%emt 0:00:08]} c5 {[%emt 0:00:00]} 2. Nf3 {[%emt 0:00:08]} a6 {[%emt 0:00:04]} 3. d4 {[%emt 0:00:22]} cxd4 {[%emt 0:00:07]} 4. Nxd4 {[%emt 0:00:11]} Nf6 {[%emt 0:00:19]} 5. Nc3 {[%emt 0:00:25]} e5 {[%emt 0:01:08]} 6. Nb3 {[%emt 0:04:05]} Bb4 {[%emt 0:04:15]} 7. Be2 {[%emt 0:04:43]} Nxe4 {[%emt 0:02:05]} 8. Bd2 {[%emt 0:08:18]} Bxc3 {[%emt 0:03:51]} 9. bxc3 {[%emt 0:05:12]} d5 {[%emt 0:03:26]} 10. O-O {[%emt 0:00:31]} O-O {[%emt 0:00:15]} 11. c4 {[%emt 0:05:09]} d4 {[%emt 0:02:34]} 12. Bf3 {[%emt 0:08:54]} Nxd2 {[%emt 0:00:31]} 13. Qxd2 {[%emt 0:03:16]} Nc6 {[%emt 0:00:22]} 14. Rab1 {[%emt 0:03:29]} Qe7 {[%emt 0:02:13]} 15. Rfe1 {[%emt 0:02:27]} Rd8 {[%emt 0:04:16]} 16. Na5 {[%emt 0:15:37]} Qc7 {[%emt 0:02:50]} 17. Nxc6 {[%emt 0:12:53]} bxc6 {[%emt 0:01:04]} 18. Qb4 {[%emt 0:03:51]} Bf5 {[%emt 0:01:17]} 19. Qc5 {[%emt 0:16:44]} Bxc2 {[%emt 0:00:33]} 20. Rb6 {[%emt 0:00:16]} Qd6 {[%emt 0:03:49]} 21. Rxc6 {[%emt 0:01:33]} Qxc5 {[%emt 0:00:26]} 22. Rxc5 {[%emt 0:00:01]} d3 {[%emt 0:01:29]} 23. Rd5 {[%emt 0:02:14]} Rxd5 {[%emt 0:01:13]} 24. cxd5 {[%emt 0:00:45]} d2 {[%emt 0:02:37]} 25. Ra1 {[%emt 0:00:34]} Rc8 {[%emt 0:00:38]} 26. d6 {[%emt 0:00:35]} Ba4 {[%emt 0:01:36]} 27. d7 {[%emt 0:00:33]} Rc1+ {[%emt 0:00:19]} 0-1

[Event "European-ch Seniors 2018"]
[Site "Drammen"]
[Date "2018.08.04"]
[Round "1"]
[White "Andersen, Guttorm"]
[Black "Zimmermann, Luc"]
[Result "1-0"]
[WhiteElo "1767"]
[BlackElo "2184"]
[Annotator "NA"]
[PlyCount "81"]
[EventDate "2018.08.04"]
[EventType "swiss"]
[EventCountry "NOR"]
[SourceTitle "playchess.com"]
[Source "ChessBase"]
[SourceQuality "1"]
[TimeControl "40/5400+30:1800+30"]

1. d4 {[%emt 0:00:00]} Nf6 {[%emt 0:00:00]} 2. c4 {[%emt 0:00:00]} g6 {[%emt 0:00:00]} 3. Nc3 {[%emt 0:00:00]} d5 {[%emt 0:00:00]} 4. Nf3 {[%emt 0:02:57]} Bg7 {[%emt 0:00:00]} 5. Qb3 {[%emt 0:00:04]} dxc4 {[%emt 0:00:08]} 6. Qxc4 {[%emt 0:00:07]} O-O {[%emt 0:00:12]} 7. e4 {[%emt 0:00:04]} Nc6 {[%emt 0:00:13]} 8. Be2 {[%emt 0:01:02]} Bg4 {[%emt 0:00:52]} 9. Be3 {[%emt 0:00:23]} Bxf3 {[%emt 0:01:08]} 10. Bxf3 {[%emt 0:00:35]} e5 {[%emt 0:00:40]} 11. d5 {[%emt 0:08:16]} Nd4 {[%emt 0:00:38]} 12. Bxd4 {[%emt 0:02:07]} exd4 {[%emt 0:00:10]} 13. Ne2 {[%emt 0:04:16]} Re8 {[%emt 0:06:51]} 14. O-O {[%emt 0:12:21]} Nxe4 {[%emt 0:02:42]} 15. Qd3 {[%emt 0:06:44]} Ng5 {[%emt 0:16:48]} 16. Rfd1 {[%emt 0:10:28]} Nxf3+ {[%emt 0:08:37]} 17. Qxf3 {[%emt 0:00:35]} c5 {[%emt 0:01:32]} 18. dxc6 {[%emt 0:01:39]} bxc6 {[%emt 0:02:44]} 19. Rac1 {[%emt 0:06:49]} Rc8 {[%emt 0:14:49]} 20. Rc4 {[%emt 0:09:16]} c5 {[%emt 0:14:18]} 21. g3 {[%emt 0:05:02]} Qa5 {[%emt 0:07:17]} 22. Nc1 {[%emt 0:05:01]} Bh6 {[%emt 0:04:14]} 23. Nd3 {[%emt 0:04:10]} Qxa2 {[%emt 0:00:54]} 24. Rxc5 {[%emt 0:02:17]} Rxc5 {[%emt 0:04:50]} 25. Nxc5 {[%emt 0:00:08]} Qxb2 {[%emt 0:01:19]} 26. Ne4 {[%emt 0:05:01]} Rd8 {[%emt 0:02:25]} 27. Qf6 {[%emt 0:00:41]} Qb6 {[%emt 0:00:57]} 28. Qe7 {[%emt 0:01:28]} Bg7 {[%emt 0:01:05]} 29. Rc1 {[%emt 0:00:41]} a5 {[%emt 0:05:50]} 30. Rc7 {[%emt 0:01:58]} Qb1+ {[%emt 0:00:59]} 31. Kg2 {[%emt 0:00:20]} Rf8 {[%emt 0:00:07]} 32. Nc5 {[%emt 0:02:51]} Qf5 {[%emt 0:01:01]} 33. Nd7 {[%emt 0:01:20]} Ra8 {[%emt 0:00:47]} 34. Nb6 {[%emt 0:01:50]} Rb8 {[%emt 0:01:00]} 35. Nd7 {[%emt 0:00:45]} Qd5+ {[%emt 0:00:48]} 36. Kh3 {[%emt 0:01:50]} Qf5+ {[%emt 0:01:00]} 37. Kg2 {[%emt 0:00:47]} Bf8 {[%emt 0:00:35]} 38. Nf6+ {[%emt 0:00:37]} Kg7 {[%emt 0:00:59]} 39. Qxf7+ {[%emt 0:01:00]} Kh6 {[%emt 0:00:01]} 40. Qxh7+ {[%emt 0:00:00]} Kg5 {[%emt 0:00:00]} 41. Qh4# {[%emt 0:04:04]} 1-0